00338nam a22001217a 4500003000600000005001700006008004100023040000800064082002300072245005900095260004500154300001700199GBCCL20241126110705.0220405b ||||| |||| 00| 0 eng d cgbc aARCH GBC-2021bLIA aA study on the nature of suffering in the book of Job  aNew Lamka: bGrace Bible College, c2021 aviii, 63p. ;